Piłkarze według namalowanego obrazu - Statystyki

Ogólne statystyki
  • Ten quiz został rozwiązany 42 razy
    23 od ostatniego zresetowania
  • Średni wynik to 17 z 20
Statystyki odpowiedzi
Obrazkowy Odpowiedź % Poprawnych
Harry Kane
94%
Kylian Mbappé
94%
Lionel Messi
94%
Robert Lewandowski
94%
Cristiano Ronaldo
89%
Kevin De Bruyne
89%
Erling Haaland
83%
Karim Benzema
83%
Lamine Yamal
83%
Luka Modrić
83%
Mohamed Salah
83%
Ronaldinho Gaúcho
83%
Thierry Henry
83%
Vinícius Júnior
83%
Wayne Rooney
83%
Zinédine Zidane
83%
Jude Bellingham
78%
Rodri
72%
Alejandro Garnacho
67%
David Beckham
61%
Nie znaleziono quizów pasujących do podanych kryteriów
Rozkład punktacji
Procent ludzi z każdym wynikiem
Percentyl według liczby udzielonych odpowiedzi
Twoja historia wyników
Nie rozwiązałeś tego quizu od ostatniego zresetowania